Detalles MARC
| 000 -LEADER |
| fixed length control field |
02672nam a2200397Ii 4500 |
| 001 - CONTROL NUMBER |
| control field |
DIGBN02619 |
| 003 - CONTROL NUMBER IDENTIFIER |
| control field |
NyNyDIG |
| 006 - FIXED-LENGTH DATA ELEMENTS--ADDITIONAL MATERIAL CHARACTERISTICS |
| fixed length control field |
m o d |
| 007 - PHYSICAL DESCRIPTION FIXED FIELD--GENERAL INFORMATION |
| fixed length control field |
cr ||||||||||| |
| 008 - FIXED-LENGTH DATA ELEMENTS--GENERAL INFORMATION |
| fixed length control field |
100625s2003 sp ob 001 0 spa d |
| 020 ## - INTERNATIONAL STANDARD BOOK NUMBER |
| Canceled/invalid ISBN |
8497421698 |
| 020 ## - INTERNATIONAL STANDARD BOOK NUMBER |
| Canceled/invalid ISBN |
9788497421690 |
| 035 ## - SYSTEM CONTROL NUMBER |
| System control number |
(OCoLC)656274277 |
| 040 ## - CATALOGING SOURCE |
| Original cataloging agency |
DGITA |
| Language of cataloging |
eng |
| Description conventions |
pn |
| Transcribing agency |
DGITA |
| 043 ## - GEOGRAPHIC AREA CODE |
| Geographic area code |
e-sp--- |
| -- |
n-us--- |
| 050 14 - LIBRARY OF CONGRESS CALL NUMBER |
| Classification number |
DP233.5 eBook |
| 100 1# - MAIN ENTRY--PERSONAL NAME |
| Personal name |
Cerezo, Pedro. |
| 245 13 - TITLE STATEMENT |
| Title |
El mal del siglo : |
| Remainder of title |
el conflicto entre Ilustración y Romanticismo en la crisis finisecular del siglo XIX / |
| Statement of responsibility, etc. |
Pedro Cerezo Galán. |
| 264 #1 - PRODUCTION, PUBLICATION, DISTRIBUTION, MANUFACTURE, AND COPYRIGHT NOTICE |
| Place of production, publication, distribution, manufacture |
Madrid : |
| Name of producer, publisher, distributor, manufacturer |
Biblioteca Nueva ; |
| Place of production, publication, distribution, manufacture |
[Granada] : |
| Name of producer, publisher, distributor, manufacturer |
Editorial Universidad de Granada, |
| Date of production, publication, distribution, manufacture, or copyright notice |
c2003. |
| 300 ## - PHYSICAL DESCRIPTION |
| Extent |
1 online resource (797 pages) |
| 336 ## - CONTENT TYPE |
| Content type term |
text |
| Content type code |
txt |
| Source |
rdacontent |
| 337 ## - MEDIA TYPE |
| Media type term |
computer |
| Media type code |
c |
| Source |
rdamedia |
| 338 ## - CARRIER TYPE |
| Carrier type term |
online resource |
| Carrier type code |
cr |
| Source |
rdacarrier |
| 490 1# - SERIES STATEMENT |
| Series statement |
Colección Historia Biblioteca Nueva |
| 504 ## - BIBLIOGRAPHY, ETC. NOTE |
| Bibliography, etc. note |
Includes bibliographical references (p. 779-789) and index. |
| 505 0# - FORMATTED CONTENTS NOTE |
| Formatted contents note |
Prólogo -- Introducción: el rostro jánico del 98 -- Obertura: la crisis de fin de siglo -- I. La crisis de la conciencia liberal -- II. De la casta histórica al pueblo nuevo -- III. Sobre El porvenir de España -- IV. La cuestión social -- V. El radicalismo de los jóvenes intelectuales -- VI. Direcciones del regeneracionismo -- VII. La crisis del positivismo -- VIII. La irrupción del pesimismo -- IX. La experiencia del nihilismo -- X. El surgimiento del laicismo -- XI. El conflicto entre religión y ciencia -- XII. El modernismo religioso -- XIII. Ángel Ganivet, el excéntrico nihilista -- XIV. La crisis existencial -- XV. Hacia la revolución interior -- XVI. De la crisis de la palabra al símbolo -- XVII. Las epifanías del alma -- XVIII. La novela experimental -- XIX. El yo alma -- XX. Variaciones sobre el egotismo -- XXI. Voluntad de creación -- XXII. Las formas del idealismo -- XXIII. Temporalismo y Eternismo -- XXIV. Variantes del misticismo -- XXV. Crítica a la modernidad -- XXVI. Ensueño de nueva patria -- XXVII. El egotismo en política -- XXVIII. Del soliloquio al diálogo -- XXIX. El ensayo existencial -- XXX. Los apócrifos machadianos -- Bibliografía -- Índice onomástico. |
| 650 #0 - SUBJECT ADDED ENTRY--TOPICAL TERM |
| Topical term or geographic name entry element |
Spanish-American War, 1898 |
| General subdivision |
Influence. |
| 651 #0 - SUBJECT ADDED ENTRY--GEOGRAPHIC NAME |
| Geographic name |
Spain |
| General subdivision |
Civilization |
| Chronological subdivision |
19th century. |
| 655 #0 - INDEX TERM--GENRE/FORM |
| Genre/form data or focus term |
Electronic books. |
| 791 2# - |
| -- |
Digitalia (Firm), |
| -- |
distributor. |
| 793 0# - |
| -- |
Digitalia eBook Collection: |
| -- |
Biblioteca Nueva |
| 830 #0 - SERIES ADDED ENTRY--UNIFORM TITLE |
| Uniform title |
Colección Historia (Biblioteca Nueva (Firm)). |
| 856 40 - ELECTRONIC LOCATION AND ACCESS |
| Materials specified |
Digitalia Hispánica |
| Uniform Resource Identifier |
<a href="https://www.digitaliapublishing.com/a/45/">https://www.digitaliapublishing.com/a/45/</a> |
| 910 ## - USER-OPTION DATA (OCLC) |
| User-option data |
Premium Collection: 2007-2012 |
| 942 ## - ADDED ENTRY ELEMENTS (KOHA) |
| Koha item type |
Recurso Electrónico |